000 00680nam a2200289Ia 4500
005 20260324132655.0
008 008 260324s9999 xx 000 0 eng d
020 _a9780203464144
037 _aEBOOK
040 _aCRL
040 _beng
040 _cCRL
041 _2eng
041 _aeng
084 _qCRL
100 _aNick Easingwood; John Williams
_91190184
245 0 _aICT and Primary Mathematics
245 2 _bA Teacher's Guide
260 _bTaylor and Francis
260 _c2004
365 _a
365 _b200
856 _uhttp://www.taylorfrancis.com/books/9780203464144
942 _cEBOOK
999 _c1788494
_d1788494